000 00696nam a2200205Ii 4500
003 JO-AjNU
008 230605s9999||||xx |||||||||||||| ||und||
040 _aJO-AjNU
_bara
_erda
_cJO-AjNU
041 _aara
050 1 4 _aPJ7850.U86.A6 2003
100 3 _aتأليف حمود،محمد,
_eauthor
_924239
245 0 0 _aخليل مطران (رائد الجدة في الشعر العربي المعاصر)
250 _aط1
264 3 1 _aبيروت:دار الفكر اللبناني،2003
300 _a216ص
336 _atext
_btxt
_2rdacontent
337 _aunmediated
_bn
_2rdamedia
338 _avolume
_bnc
_2rdacarrier
650 4 _aالشعر العربي - تحليل ونقد 
_924240
999 _aA8895
_c12463
_d12463